000 01881cam a22004334i 4500
003 PE-LiUPU
005 20250731173121.0
008 150623s r 000 0 d
035 _a(Sirsi) a25398
040 _aPE-LiUPU
_bspa
_cPE-LiUPU
_erda
082 0 4 _a200.08
_bC
_221
100 1 _aDa Silva, Paulo Cilas,
_eautor.
245 1 0 _aSeries de estudos biblicos da igreja Adventista do Sétimo dia no Brasil :
_bbreve historia e análise comparativa do seu conteúdo /
_cPaulo Cilas Da Silva.
264 1 _aEngenheiro Coelho, SP :
_bImprensa Universitaria Adventista Centro Universitario Adventista de Sao Paulo - Campus 2,
_c2002.
300 _a302 páginas :
_bil., gráficos, cuadros ;
_c22 cm.
336 _atext
_2rdacontent
337 _aunmediated
_2rdamedia
338 _avolume
_2rdacarrier
490 0 _aTeses Doutorais - Religiao ;
_v3
504 _aIncluye bibliografía.
505 0 _aIntroducao. Fundamentacao teórica das séries de estudos bíblicos Adventistas. Breve historia das séries de estudos bíblicos Adventistas produzidas em portugués no Brasil. Análise crítica do conteúdo das séries de estudos bíblicos Adventistas publicadas em portugués no Brasil. resumo e conclusoes.
526 _aSEG42
526 _aSEG41
526 _aSEG40
526 _aSEG39
526 _aP94
526 _aP87
526 _aP86
526 _aP85
526 _aP77
526 _aP76
526 _aP35
630 _aBiblia
_xEstudio y enseñanza.
942 _2ddc
_cBOOK
949 _a200.08 C
_wDEWEY
_c1
_i50494
_lCCODEBUL1
_mBUL
_p00.00
_r0
_sY
_tBOOK
_u2015-06-24
_xTEOLOGIA
_PP35
_0COMPRA
_o.STAFF. Colección General
596 _a1
999 _a200.08 C
_wDEWEY
_c32314
_i50494
_f2021-11-9
_g5
_lCCODEBUL1
_mBUL
_r0
_sY
_tBOOK
_u2015-6-24
_xTEOLOGIA
_PP35
_0COMPRA
_o.STAFF. Colección General
_d32314
980 _81
_gALBERTO SANCHEZ Responsable de Automatización